[Event "SVK-ch U16"]
[Site "Tatralandia"]
[Date "2024.04.05"]
[Round "1"]
[White "Szakal, Bartolomej"]
[Black "Vateha, Tobias"]
[Result "1-0"]
[WhiteElo "1839"]
[BlackElo "1528"]
[PlyCount "91"]
[EventDate "2024.04.05"]
[EventType "swiss"]
[EventRounds "9"]
[EventCountry "SVK"]
[SourceTitle "CBM 219 Extra"]
[Source "ChessBase"]
[SourceDate "2024.05.31"]
[SourceVersion "1"]
[SourceVersionDate "2024.05.31"]
[SourceQuality "1"]

1. d4 f5 2. Nf3 Nf6 3. c4 e6 4. Nc3 Bb4 5. Bg5 0-0 6. e3 b6 7. Be2 Bxc3+ 8. bxc3 Bb7 9. 0-0 Qe8 10. Qb3 Qg6 11. Bf4 Rc8 12. a4 Nc6 13. a5 Nd8 14. Rfd1 Be4 15. d5 d6 16. Nh4 Qf7 17. f3 h6 18. fxe4 g5 19. exf5 e5 20. Bxe5 dxe5 21. Ng6 e4 22. c5 Nb7 23. Bc4 Nxc5 24. Qa2 Qd7 25. d6+ Kh7 26. Be6 Nxe6 27. fxe6 Qb5 28. d7 Rd8 29. e7 Kxg6 30. exd8Q Rxd8 31. axb6 axb6 32. Qe6 Qc5 33. Ra2 Qxe3+ 34. Rf2 Qxc3 35. Rdf1 Qd4 36. Qxf6+ Qxf6 37. Rxf6+ Kh5 38. Rf7 e3 39. R1f6 b5 40. Re6 Ra8 41. Rxe3 Ra1+ 42. Kf2 Rd1 43. Ke2 Ra1 44. d8Q Ra2+ 45. Qd2 Ra7 46. Rf6 1-0

[Event "SVK-ch U14"]
[Site "Dudince"]
[Date "2023.04.22"]
[Round "8"]
[White "Cech, Matej2"]
[Black "Vateha, Tobias"]
[Result "0-1"]
[WhiteElo "1370"]
[BlackElo "1187"]
[PlyCount "106"]
[EventDate "2023.04.16"]
[EventType "swiss"]
[EventRounds "9"]
[EventCountry "SVK"]
[SourceTitle "CBM 213 Extra"]
[Source "ChessBase"]
[SourceDate "2023.05.31"]
[SourceVersion "1"]
[SourceVersionDate "2023.05.31"]
[SourceQuality "1"]

1. Nc3 e6 2. e4 d5 3. Nf3 Nf6 4. e5 Nfd7 5. d4 c5 6. dxc5 Bxc5 7. Bf4 Nc6 8. Bd3 Qc7 9. Qe2 a6 10. 0-0 Nd4 11. Qe1 Nxf3+ 12. gxf3 Bd4 13. Bg3 Nxe5 14. Nxd5 exd5 15. c3 0-0 16. Qe2 Bc5 17. Bxe5 Bd6 18. Bg3 Bh3 19. Rfe1 Qc6 20. Rad1 Rae8 21. Qc2 g6 22. Bf1 Bxf1 23. Kxf1 Bxg3 24. hxg3 Qc4+ 25. Qd3 Qxa2 26. Ra1 Rxe1+ 27. Rxe1 Qc4 28. Qxc4 dxc4 29. Re7 Rb8 30. Ke2 Kf8 31. Re5 Re8 32. Re4 f5 33. Ke3 h6 34. Rxe8+ Kxe8 35. f4 Ke7 36. f3 b5 37. Kd4 Kf6 38. Kc5 g5 39. fxg5+ Kxg5 40. Kc6 h5 41. Kd5 f4 42. Ke5 fxg3 43. f4+ Kg4 44. f5 g2 45. f6 g1Q 46. f7 Qc5+ 47. Kf6 Qf5+ 48. Kg7 Qxf7+ 49. Kh8 h4 50. b3 h3 51. b4 a5 52. bxa5 h2 53. a6 h1Q# 0-1

[Event "SVK-ch U14"]
[Site "Dudince"]
[Date "2023.04.19"]
[Round "5"]
[White "Vida, Gergo1"]
[Black "Vateha, Tobias"]
[Result "1-0"]
[WhiteElo "1381"]
[BlackElo "1187"]
[PlyCount "81"]
[EventDate "2023.04.16"]
[EventType "swiss"]
[EventRounds "9"]
[EventCountry "SVK"]
[SourceTitle "CBM 213 Extra"]
[Source "ChessBase"]
[SourceDate "2023.05.31"]
[SourceVersion "1"]
[SourceVersionDate "2023.05.31"]
[SourceQuality "1"]

1. e4 e6 2. d4 d5 3. e5 c5 4. c3 Bd7 5. a3 Nc6 6. Nf3 Nge7 7. b4 b6 8. Bd3 cxd4 9. cxd4 a5 10. b5 Na7 11. a4 Rc8 12. Ba3 g6 13. 0-0 Bg7 14. Qd2 0-0 15. Nc3 f6 16. Ne2 fxe5 17. dxe5 Rxf3 18. gxf3 Bxe5 19. Qg5 Nf5 20. Qxd8+ Rxd8 21. Rac1 Nc8 22. Bxf5 exf5 23. Rfd1 Be6 24. f4 Bf6 25. Rc6 Kf7 26. Nd4 Bd7 27. Rc7 h6 28. Nc6 Re8 29. Rxd7+ Kg8 30. R7xd5 h5 31. Ne5 Kh7 32. Rd7+ Ne7 33. Bxe7 Bxe7 34. Nc6 Rg8 35. Nxe7 Re8 36. Nxf5+ Kh8 37. Rd8 Rxd8 38. Rxd8+ Kh7 39. Rd7+ Kg8 40. Nd6 Kf8 41. Nc4 1-0

[Event "SVK-ch U14"]
[Site "Dudince"]
[Date "2023.04.16"]
[Round "1"]
[White "Ammer, Erik1"]
[Black "Vateha, Tobias"]
[Result "1-0"]
[WhiteElo "1498"]
[BlackElo "1187"]
[PlyCount "99"]
[EventDate "2023.04.16"]
[EventType "swiss"]
[EventRounds "9"]
[EventCountry "SVK"]
[SourceTitle "CBM 213 Extra"]
[Source "ChessBase"]
[SourceDate "2023.05.31"]
[SourceVersion "1"]
[SourceVersionDate "2023.05.31"]
[SourceQuality "1"]

1. e4 e6 2. d4 d5 3. e5 c5 4. c3 Bd7 5. Nf3 Nc6 6. Be2 Qb6 7. Qb3 Qxb3 8. axb3 f6 9. Bb5 a6 10. 0-0 cxd4 11. cxd4 Bb4 12. Nc3 fxe5 13. Nxe5 Nf6 14. Rd1 0-0 15. Bg5 Be8 16. Ne2 Rc8 17. Bxc6 Bxc6 18. Nf4 Rfe8 19. Bxf6 gxf6 20. Nxc6 Rxc6 21. Nh5 Rf8 22. Rdc1 a5 23. Rxc6 bxc6 24. Rc1 c5 25. dxc5 f5 26. c6 Rc8 27. Nf6+ Kg7 28. Nd7 d4 29. Nb6 Rc7 30. Kf1 d3 31. Nc4 Rxc6 32. Rd1 a4 33. Ne5 Rd6 34. Rxd3 Rxd3 35. Nxd3 Bd6 36. bxa4 Bxh2 37. g3 Bxg3 38. fxg3 Kf6 39. a5 e5 40. a6 e4 41. a7 exd3 42. a8Q Kg6 43. Qe8+ Kh6 44. Qe3+ Kh5 45. Qxd3 Kg6 46. g4 h6 47. Qxf5+ Kg7 48. g5 hxg5 49. Qxg5+ Kh8 50. Kf2 1-0